بلاد تركب العنكبوت : (رقم التسجيلة. 139850)

تفاصيل مارك
000 -الفاتح
عناصر البيانات ثابتة الطول 00654cam a2200193 i 4500
005 - تاريخ ووقت آخر معاملة
حقل ضبط 20260210082307.0
008 - عناصر البيانات ثابتة الطول
عناصر البيانات ثابتة الطول 250721s2019 ua gr 000 f ara d
020 ## - الترقيم الدولي المعياري للكتب (ردمك)
الترقيم الدولي المعياري للكتب (ردمك) 9789776542310
082 14 - رقم تصنيف ديوي العشري
رقم التصنيف ق
رقم المادة س ل ا
100 1# - مدخل رئيسي – اسم شخصي
الاسم الشخصي سلامة، منى
علاقة الشخص بالعمل/ دوره مؤلف.
245 10 - بيان العنوان
العنوان بلاد تركب العنكبوت :
بقية العنوان رواية /
بيان المسؤولية منى سلامة.
250 ## - بيان الطبعة
بيان الطبعة الطبعة الاولى.
264 ## - بيانات النشر، التوزيع…إلخ
اسم الناشر، الموزع...إلخ عصير الكتب للنشر و التوزيع،
تاريخ النشر، التوزيع...إلخ 2019.
مكان النشر، التوزيع...إلخ القاهرة،
300 ## - الوصف المادي
عدد الوحدات المكونة للوعاء 355 صفحة.
650 17 - مدخل إضافي بالموضوع - مصطلح موضوعي
مصطلح موضوعي أو اسم جغرافي كعنصر مدخل الادب العربي.
650 17 - مدخل إضافي بالموضوع - مصطلح موضوعي
مصطلح موضوعي أو اسم جغرافي كعنصر مدخل الروايات العربية.
942 ## - بيانات إضافية (كوها)
نوع التنصيف Dewey Decimal Classification
نوع المادة (كوها) كتب
المقتنيات
حالة السحب حالة الفقدان مصدر التصنيف حالة التلف غير قابل للإعارة المكتبة الرئيسية المكتبة الحالية موقع الرف تاريخ التزويد الرقم المتسلسل Total Checkouts رقم الإستدعاء الباركود تاريخ آخر ظهور تاريخ الفاتورة نوع المادة (كوها)
    Dewey Decimal Classification     المكتبة المركزية المكتبة المركزية الإعارة 28/07/2025 1704473   ق/س ل ا PLD00448682 28/07/2025 28/07/2025 كتب
    Dewey Decimal Classification     مكتبة الجويدة مكتبة الجويدة الإعارة 21/04/2019 1704477   ق/سلا PLD00451153 28/07/2025 21/04/2019 كتب
    Dewey Decimal Classification     مكتبة بيت السينما مكتبة بيت السينما الإعارة 21/04/2019 1704474   ق/سلا PLD00451150 28/07/2025 21/04/2019 كتب
Implemented & Customized by: BBB with SCIT (Smart Chains for Information Technology)

Powered by Koha